Explora. Pedagogía
¿Qué se enseña en las escuelas? ¿A quién involucra la educación? ¿Para qué sirve un diseño curricular? ¿Qué participación tienen las familias en la comunidad educativa? Mariana Briski entrevista a reconocidos pedagogos de nuestro país y desarrolla estos y otros temas fundamentales de la educación....
Guardado en:
| Autor Principal: | |
|---|---|
| Autores Corporativos: | , |
| Otros Autores: | , , |
| Formato: | |
| Idioma: | Undetermined |
| Publicado: |
Buenos Aires,
2008.
|
| Materias: | |
| Acceso en línea: | https://encuentro.gob.ar/programas/serie/8116/ |
| Etiquetas: |
Agregar Etiqueta
Sin Etiquetas, Sea el primero en etiquetar este registro!
|
| LEADER | 01893ngm a22004575a 4500 | ||
|---|---|---|---|
| 001 | CEM.cems019515 | ||
| 008 | 220908s2008####ag#---############vlund#d | ||
| 005 | 20240418135624.0 | ||
| 245 | 1 | 0 | |a Explora. Pedagogía |h [videograbación] / |c Juan Cruz Saenz. |
| 260 | |a Buenos Aires, |c 2008. | ||
| 300 | |a 28'. | ||
| 505 | 0 | |a 01. Maestros y profesores -- 02. El currículum escolar -- 03. Las familias en la escuela -- 04. El alumno -- 05. El cuerpo en la escuela -- 06. La lectura y la escritura en la escuela -- 07. Hacer escuela -- 08. Normas, libertad y autonomía -- | |
| 520 | |a ¿Qué se enseña en las escuelas? ¿A quién involucra la educación? ¿Para qué sirve un diseño curricular? ¿Qué participación tienen las familias en la comunidad educativa? Mariana Briski entrevista a reconocidos pedagogos de nuestro país y desarrolla estos y otros temas fundamentales de la educación. | ||
| 538 | |a Soporte: DVD - Formato: AVI - Peso: 3.52gb - Resolución: 720 x 540 - 25fps | ||
| 590 | |a Identificación anterior: D 151 | ||
| 100 | 1 | |a Saenz, Juan Cruz. | |
| 700 | 1 | |a Briski, Mariana; Conducción. | |
| 700 | 1 | |a Basso, Daniela; Producción Ejecutiva. | |
| 700 | 1 | |a Ferreiros, Hernán; Guión. | |
| 710 | 2 | |a Canal Encuentro. | |
| 710 | 2 | |a Universidad Nacional Tres de Febrero. | |
| 653 | |a ARGENTINA | ||
| 653 | |a EDUCACIÓN | ||
| 653 | |a PEDAGOGÍA | ||
| 653 | |a ESCUELAS | ||
| 653 | |a DOCENTES | ||
| 653 | |a PROFESORES | ||
| 653 | |a DISEÑO CURRICULAR | ||
| 653 | |a ESTUDIANTES | ||
| 653 | |a CUERPO | ||
| 653 | |a PROFESORAS | ||
| 653 | |a MAESTRAS | ||
| 653 | |a MAESTROS | ||
| 653 | |a LECTURA | ||
| 653 | |a ESCRITURA | ||
| 653 | |a NORMAS | ||
| 653 | |a LIBERTAD | ||
| 653 | |a AUTONOMÍA | ||
| 653 | |a INÉS DUSSEL | ||
| 856 | |u https://encuentro.gob.ar/programas/serie/8116/ | ||
| 859 | |a CEMS |b BIB. CEMS - Depto. Recursos Didacticos |h 370 |i SAE |k DRD |p 2882.22 |t Ej.1 | ||
